第一批中国历史文化街区在哪里?(直辖市&地级行政区) - Statistics

General Stats
  • This quiz has been taken 31 times
  • The average score is 10 of 26
Answer Stats
街区 位置 % Correct
皇城&大栅栏&东四三条至八条 北京市
96%
第一汽车制造厂历史文化街区 长春市
96%
外滩历史文化街区 上海市
96%
五大道历史文化街区 天津市
88%
鼓浪屿历史文化街区 厦门市
88%
平江&山塘街 苏州市
81%
江汉路及中山大道历史文化街区 武汉市
81%
三坊七巷历史文化街区 福州市
65%
磁器口历史文化街区 重庆市沙坪坝区
65%
梅园新村&颐和路 南京市
54%
屯溪老街历史文化街区 黄山市屯溪区
54%
蕺山(书圣故里)历史文化街区 绍兴市
35%
中山路历史文化街区 泉州市
27%
孙文西历史文化街区 中山市
27%
罗西亚大街历史文化街区 齐齐哈尔市昂昂溪区
23%
中山中路历史文化街区 杭州市
19%
南河下历史文化街区 扬州市
12%
柳子街历史文化街区 永州市
4%
珠海路-沙脊街-中山路历史文化街区 北海市
4%
华光楼历史文化街区 阆中市
4%
西街历史文化街区 龙泉市
0%
天福山历史文化街区 兰溪市
0%
台湾路-香港路历史文化街区 漳州市
0%
古城区历史文化街区 石屏县
0%
热斯坦历史文化街区 库车县(库车市)
0%
前进街历史文化街区 伊宁市
0%
No matching quizzes found
Score Distribution
Percent of People with Each Score
Percentile by Number Answered
Your Score History
You have not taken this quiz